Guia de l'alumne : curs / curs /
Descripción Física:
Volums ; 21 cm
MARC
| LEADER | 00000nam a2200000Ia 4500 | ||
|---|---|---|---|
| 001 | 11025, 18036, 18037, 13178 | ||
| 008 | 160829s1995 - xx 000 0 cat d | ||
| 080 | |a FU-12-53, E-1-257, E-1-258, E-1-209 | ||
| 080 | |a FU-10-51, FU-10-52, FU-10-53, FU-10-54 | ||
| 110 | 2 | |a Escola Professional de la Dona |9 52886 | |
| 245 | |a Guia de l'alumne : |b curs / |c Escola Professional de la Dona | ||
| 246 | 3 | 3 | |a Guia d'estudis : |b curs |
| 260 | |a Barcelona : |b Escola Professional per a la Dona, |c 1988- | ||
| 300 | |a Volums ; |c 21 cm | ||
| 310 | |a Anual | ||
| 362 | |a 1988-1989 | ||
| 500 | |a Fins al curs 1991-1992, editat per l'Escola Professional per a la Dona | ||
| 501 | |a Fins al curs 1991-1992, Guia d'estudis : curs | ||
| 504 | |a A partir de 1995, editat per l'Àrea d'Educació de la Diputació de Barcelona | ||
| 610 | 2 | 0 | |a Escola Professional de la Dona |9 52886 |
| 610 | 2 | 0 | |a Escola Professional de la Dona |x Currículums |9 54362 |
| 710 | |a Barcelona (Catalunya : Província). |b Àrea d'Educació |9 8009 | ||
| 866 | |a 1988-1989, 1989-1990, 1990-1991, 1991-1992, 1994-1995, 1995-1996, 1997-1998, 1998-1999, 1999-2000, 2000-2001, 2001-2002 | ||
| 901 | |a Arxiu | ||
| 942 | |n 1 |2 udc |c ARXIU | ||
| 952 | |0 0 |1 0 |4 0 |6 E1257_E1258_E1209 |7 1 |9 42937 |a Arxiu |b Arxiu |d 2016-12-01 |o E-1-257, E-1-258, E-1-209 |p 18036, 18037, |r 2016-12-01 00:00:00 |w 2016-12-01 |y ARXIU | ||
| 952 | |0 0 |1 0 |4 0 |6 FU1054 |7 1 |9 43145 |a Arxiu |b Arxiu |d 2016-12-01 |h 1991-1992 |o FU-10-54 |p 9602 |r 2016-12-01 00:00:00 |w 2016-12-01 |y ARXIU | ||
| 952 | |0 0 |1 0 |4 0 |7 1 |9 63736 |a Arxiu |b Arxiu |d 2022-09-05 |h 2001-2002 |o PDL |p 26659 |r 2022-09-05 00:00:00 |w 2022-09-05 |y ARXIU | ||
| 952 | |0 0 |1 0 |4 0 |7 1 |9 63737 |a Arxiu |b Arxiu |d 2022-09-05 |h 1999-2000 |o PDL |p 26660 |r 2022-09-05 00:00:00 |w 2022-09-05 |y ARXIU | ||
| 952 | |0 0 |1 0 |4 0 |7 1 |9 63738 |a Arxiu |b Arxiu |d 2022-09-05 |h 1998-1999 |o PDL |p 26661 |r 2022-09-05 00:00:00 |w 2022-09-05 |y ARXIU | ||
| 952 | |0 0 |1 0 |4 0 |6 PDL |7 1 |9 63739 |a Arxiu |b Arxiu |d 2022-09-05 |h 1995-1996 |l 0 |o PDL |p 26662 |r 2022-09-05 00:00:00 |w 2022-09-05 |y ARXIU | ||
| 952 | |0 0 |1 0 |4 0 |6 PDL |7 1 |9 63740 |a Arxiu |b Arxiu |d 2022-09-05 |h 1991-1992 |l 0 |o PDL |p 26663 |r 2022-09-05 00:00:00 |w 2022-09-05 |y ARXIU | ||
| 952 | |0 0 |1 0 |4 0 |7 1 |9 63854 |a Arxiu |b Arxiu |d 2022-09-08 |h 1997-1998 |o FU-73-4 |p 26766 |r 2022-09-08 00:00:00 |w 2022-09-08 |y ARXIU | ||
| 952 | |0 0 |1 0 |4 0 |7 1 |9 63855 |a Arxiu |b Arxiu |d 2022-09-08 |h 2000-2001 |o FU-73-5 |p 26767 |r 2022-09-08 00:00:00 |w 2022-09-08 |y ARXIU | ||
| 952 | |0 0 |1 0 |4 0 |6 FU736 |7 1 |9 63856 |a Arxiu |b Arxiu |d 2022-09-08 |h 1994-1995 |l 0 |o FU-73-6 |p 26768 |r 2022-09-08 00:00:00 |w 2022-09-08 |y ARXIU | ||
| 952 | |0 0 |1 0 |4 0 |6 FU1253 |7 1 |9 65740 |a Arxiu |b Arxiu |d 2023-03-22 |h 1995-1996 |l 0 |o FU-12-53 |p 11025 |r 2023-03-22 00:00:00 |w 2023-03-22 |y ARXIU | ||
| 952 | |0 0 |1 0 |4 0 |6 FU1051 |7 1 |9 65762 |a Arxiu |b Arxiu |d 2023-03-23 |h 1988-1989 |l 0 |o FU-10-51 |p 9599 |r 2023-03-23 00:00:00 |w 2023-03-23 |y ARXIU | ||
| 952 | |0 0 |1 0 |4 0 |6 FU1052 |7 1 |9 65763 |a Arxiu |b Arxiu |d 2023-03-23 |h 1989-1990 |l 0 |o FU-10-52 |p 9600 |r 2023-03-23 00:00:00 |w 2023-03-23 |y ARXIU | ||
| 952 | |0 0 |1 0 |4 0 |6 FU1053 |7 1 |9 65764 |a Arxiu |b Arxiu |d 2023-03-23 |h 1990-1991 |l 0 |o FU-10-53 |p 9601 |r 2023-03-23 00:00:00 |w 2023-03-23 |y ARXIU | ||
| 999 | |c 45443 |d 45443 | ||